| 000 | 00404pab a2200133 454500 | ||
|---|---|---|---|
| 008 | 180718b xxu||||| |||| 00| 0 eng d | ||
| 100 | _aRosamond Ben | ||
| 245 | _aNational labour organizations and European integration British trade unions in 1992 | ||
| 362 | _a41(3), Sep 93, p.420-34 | ||
| 650 | _a Trade Unions -- U.K. | ||
| 650 | _aLabour Unions -- U.K. | ||
| 773 | _aPolitical Studies | ||
| 909 | _a25403 | ||
| 999 |
_c25403 _d25403 |
||